| 000 | 01213nam0a2200361 4500 | ||
|---|---|---|---|
| 001 | RU\NLR\bibl\272829 | ||
| 005 | 20260407065942.0 | ||
| 010 |
_a5-04-005747-4 _bВ пер. _95000 |
||
| 021 |
_aRU _b2001-66834 _93250 |
||
| 021 |
_aRU _b2001-67255 _93277 |
||
| 035 | _a(NLR Aleph) 000268361 | ||
| 090 |
_a1568772 _c1568772 |
||
| 100 | _a20020530d2001 |||y0rusy50 ca | ||
| 101 | 0 | _arus | |
| 102 | _aRU | ||
| 105 | _ay ||||||||| | ||
| 200 | 1 |
_aРитуал последней брачной ночи _e[Роман] _fВиктория Платова |
|
| 210 |
_aМ. _cЭКСМО-пресс _d2001 |
||
| 215 |
_a444,[1] с. _d21 |
||
| 610 | 0 | _aДетективные романы и рассказы (х. л.) | |
| 675 |
_a821.161.1-31Платова _v3 _zrus |
||
| 686 |
_a17.82 _2rugasnti |
||
| 686 |
_a84(2Рос=Рус)6-44 _2rubbk |
||
| 686 | _aШ6(2=Р)75-446 | ||
| 700 | 1 |
_4070 _7ca _8rus _aПлатова _bВ. _cавтор детективов _f1967- _gВиктория _9126485 _3RU\NLR\AUTH\7716852 |
|
| 801 | 0 |
_aRU _bRKP _c20020530 _gPSBO |
|
| 801 | 1 |
_aRU _bRKP _c20020530 |
|
| 801 | 2 |
_aRU _bNLR _c20020704 _grcr |
|
| 942 | _cBOOK | ||
| 980 | _aNB | ||